Szczegóły MARC21

Młoda Polska. Cz. 1 /

003 -Nazwa inst., której nr kontr. jest w polu 001 [,]
    • @
    • Nazwa instytucji, której n kontrolny jest w polu 001
    • NUKAT
005 -DATA I CZAS OSTATNIEJ MODYFIKACJI [,]
    • @
    • pole kontrolne
    • 20241231103052.0
020 -Międzynarod. znormalizowany nr książki - ISBN [ , ]
    • a
    • Numer ISBN
    • 8388520016 Find
    • q
    • Dopowiedzenie
    • całość
020 -Międzynarod. znormalizowany nr książki - ISBN [ , ]
    • a
    • Numer ISBN
    • 838852027X Find
    • q
    • Dopowiedzenie
    • t. 7, cz. 1
040 -Instytucja sporządzająca opis [ , ]
    • a
    • Instytucja, która sporządziła opis (NP)
    • GD PAN/KM
    • c
    • Instytucja, która sporządziła rekord (NP)
    • GD PAN/KM
    • d
    • Instytucja, która zmodyfikowała rekord (P)
    • GD PAN/MO
    • d
    • Instytucja, która zmodyfikowała rekord (P)
    • GD PAN/JSs
942 -Rodzaj dokumentu [ , ]
    • c
    • Rodzaj dokumentu
    • Książka
245 -Strefa tytułu i oznaczenia odpowiedzialności [0,0]
    • a
    • Tytuł
    • Młoda Polska. Find
    • n
    • Oznaczenie części (P)
    • Cz. 1 /
    • c
    • Pozostałe elementy strefy tytułu i oznaczenia odpowiedzialności (NP)
    • [red. Anna Skoczek ; aut. tekstów: Wojciech Bałus et al.].
260 -Strefa adresu wydawniczego [ , ]
    • a
    • Miejsce wydania (P)
    • Bochnia [etc.] :
    • b
    • Nazwa wydawcy (P)
    • Wydawnictwo SMS,
    • c
    • Data wydania (P)
    • 2006.
300 -Strefa opisu fizycznego [ , ]
    • a
    • Określenie formy książki i/lub objętość (NP)
    • 414 s. :
    • b
    • Oznaczenie ilustracji (NP)
    • il. ;
    • c
    • Format (NP)
    • 25 cm.
336 -Typ zawartości [ , ]
    • a
    • Termin opisujący typ zawartości
    • Tekst
    • b
    • Kod określający zawartość
    • txt
    • 2
    • Źródło (terminu i kodu)
    • rdacontent
337 -Typ mediów [ , ]
    • a
    • Tryb odtwarzania
    • Bez urządzenia pośredniczącego
    • b
    • Kod typu mediów
    • n
    • 2
    • Źródło (terminu i kodu)
    • rdamedia
338 -Typ/rodzaj nośnika [ , ]
    • a
    • Hasło opisujące typ nośnika
    • Wolumin
    • b
    • Kod typu nośnika
    • nc
    • 2
    • Źródło (terminu i kodu)
    • rdacarrier
490 -Strefa serii i książki wielotomowej - forma nie do wyszukiwania [1, ]
    • a
    • Tytuł (P)
    • Historia literatury polskiej w dziesięciu tomach ; Find
    • v
    • Numeracja (P)
    • t. 7, cz. 1
830 -Hasło dodatkowe serii i opisu książki wielotomowej - tytuł ujednolicony/tytuł [ ,0]
    • a
    • Tytuł ujednolicony/tytuł (NP)
    • Historia literatury polskiej w dziesięciu tomach
    • v
    • Oznaczenie tomu (NP)
    • t. 7, cz. 1
    • 9
    • KHW
    • 650346
504 -Uwaga dot. bibliogr. załącznikowej [ , ]
    • a
    • Uwaga dot. bibliografii załącznikowej
    • Bibliogr. przy rozdz.
080 -Uniwersalna Klasyfikacja Dziesiętna [ , ]
    • 2
    • Identyfikator wydania tablic
    • UDC-PO58
    • a
    • Symbol klasyfikacji
    • 821.162.1(091)
    • b
    • Dopowiedzenie
    • Literatura polska (historia).
    • x
    • Poddział wspólny
    • "19/20"
650 -Hasło przedmiotowe [ ,7]
    • a
    • Hasło przedmiotowe
    • Literatura polska
    • y
    • Określnik chronologiczny
    • 1870-1914
    • x
    • Określnik rzeczowy
    • historia i krytyka.
    • 2
    • Źródło terminu
    • kaba
    • 9
    • KHW
    • 351722
650 -Hasło przedmiotowe [ ,7]
    • a
    • Hasło przedmiotowe
    • Modernizm (literatura)
    • z
    • Określnik geograficzny
    • Polska.
    • 2
    • Źródło terminu
    • kaba
    • 9
    • KHW
    • 359875
650 -Hasło przedmiotowe [ ,7]
    • a
    • Hasło przedmiotowe
    • Młoda Polska.
    • 2
    • Źródło terminu
    • kaba
    • 9
    • KHW
    • 120320
980 -Symbol UKD [ , ]
    • a
    • UKD
    • 821.162.1(091)"19/20"
700 -Hasło dodatkowe - nazwa osobowa [1, ]
    • a
    • Nazwa osobowa (NP)
    • Skoczek, Anna. Find
    • e
    • Określenie rodzaju współpracy
    • Red.
    • 9
    • KHW
    • 80385
700 -Hasło dodatkowe - nazwa osobowa [1, ]
    • a
    • Nazwa osobowa (NP)
    • Bałus, Wojciech Find
    • d
    • Daty biograficzne (NP)
    • (1961- ).
    • 9
    • KHW
    • 95369
920 -ISBN [ , ]
    • a
    • ISBN
    • 83-88520-01-6 Find
    • q
    • Dopowiedzenie
    • całość
920 -ISBN [ , ]
    • a
    • ISBN
    • 83-88520-27-X Find
    • q
    • Dopowiedzenie
    • t. 7, cz. 1
Numer inwentarzowy Lokalizacja Data inwentaryzacji Status udost. Sygnatura
Z.109554BG2007-10-181 
P.20788BM2007-12-191POL.Lit. polska–hist. i kryt. 18